International trade : economic analysis of globalization and policy.
| Main Author: | |
|---|---|
| Format: | Book |
| Published: |
Hoboken, N.J.:
Wiley,
2013.
|
| Subjects: |
| LEADER | 00444cam a2200145 7i4500 | ||
|---|---|---|---|
| 001 | 0000032388 | ||
| 005 | 20150507090000.0 | ||
| 020 | 0 | 0 | |a 9780470408797 |
| 090 | 0 | 0 | |a I 382 |b MCL |
| 100 | 1 | 0 | |a McLaren, John |
| 245 | 1 | 0 | |a International trade : |b economic analysis of globalization and policy. |
| 260 | 0 | 0 | |a Hoboken, N.J.: |b Wiley, |c 2013. |
| 300 | # | # | |a 329 pages. |
| 650 | 0 | 0 | |a International trade |
| 999 | |a 0000035103 |b Book |c International |e Business Information Centre | ||


